| Tag |
First Indicator |
Second Indicator |
Subfields |
| LEADER |
00000nam a2200000Ia 4500 |
| 001 |
in00004238713 |
| 005 |
20200807092403.0 |
| 006 |
m g d |
| 007 |
cr bn |||a|bb| |
| 008 |
841101s1688 enk o 00| | eng d |
| 035 |
|
|
|a (OCoLC)11338715
|
| 040 |
|
|
|a EAK
|c EAK
|d UMI
|d WaOLN
|
| 037 |
|
|
|a CL0037000051
|b ProQuest Information and Learning. 300 N. Zeeb Rd., Ann Arbor, MI 48106
|
| 090 |
|
|
|a BX5157
|b .K46
|
| 049 |
|
|
|a UMIA
|
| 245 |
0 |
4 |
|a The King's power in ecclesiastical matters truly stated
|
| 260 |
|
|
|a [London :
|b publisher not identified,
|c 1688?]
|
| 300 |
|
|
|a 1 online resource (8 pages)
|
| 336 |
|
|
|a text
|b txt
|2 rdacontent
|
| 337 |
|
|
|a computer
|b c
|2 rdamedia
|
| 338 |
|
|
|a online resource
|b cr
|2 rdacarrier
|
| 500 |
|
|
|a Caption title.
|
| 500 |
|
|
|a Imprint suggested by NUC pre-1956 imprints.
|
| 500 |
|
|
|a Reproduction of original in the Harvard Law School Library.
|
| 510 |
4 |
|
|a Wing
|c K605
|
| 533 |
|
|
|a Electronic reproduction.
|b Ann Arbor, Mich. :
|c UMI,
|d 1999-
|f (Early English books online)
|n Digital version of: (Early English books, 1641-1700 ; 1465:14)
|7 s1999 miun s
|
| 650 |
|
0 |
|a Royal supremacy (Church of England)
|
| 610 |
2 |
0 |
|a Church of England
|x Government.
|
| 830 |
|
0 |
|a Early English books online.
|
| 856 |
4 |
0 |
|u http://proxy.library.tamu.edu/login?url=https://search.proquest.com/docview/2248510057
|z Connect to the full text of this electronic book
|t 0
|
| 999 |
f |
f |
|s f1b5a338-e30b-38a6-bd11-1717d68942c9
|i 66beb04d-ab48-3bc8-9572-1cb112b7f0b1
|t 0
|
| 952 |
f |
f |
|a Texas A&M University
|b College Station
|c Electronic Resources
|d Available Online
|t 0
|e BX5157 .K46
|h Library of Congress classification
|
| 998 |
f |
f |
|a BX5157 .K46
|t 0
|l Available Online
|